Test for evaluating water-based mold releases (Record no. 70400)

MARC details
000 -LEADER
fixed length control field 00322nam a2200121Ia 4500
100 ## - MAIN ENTRY--AUTHOR NAME
Personal name Stephens Bill D
245 #0 - TITLE STATEMENT
Title Test for evaluating water-based mold releases
260 ## - PUBLICATION, DISTRIBUTION, ETC. (IMPRINT)
Name of publisher Rubber and Plastics News
Year of publication 1993
300 ## - PHYSICAL DESCRIPTION
Number of Pages 81-84
700 ## - ADDED ENTRY--PERSONAL NAME
Personal name Patterson David
942 ## - ADDED ENTRY ELEMENTS (KOHA)
Koha item type Journals
Holdings
Withdrawn status Lost status Damaged status Not for loan Home library Current library Date acquired Serial Enumeration / chronology Koha item type
      Journals RRII Library RRII Library 17/12/2021 Volume 23, Issue 6 Journals